+ Ação na escola e na comunidade: ciências da natureza e suas tecnologias (Record no. 123991)

MARC details
000 -LÍDER
campo de controle de tamanho fixo 00493 a2200181 4500
001 - NÚMERO DE CONTROLE
campo de controle 123991
020 ## - ISBN - INTERNATIONAL STANDARD BOOK NUMBER
ISBN - International Standard Book Number 9788596027632
040 ## - FONTE DA CATALOGAÇÃO
Instituição que transcreveu o registro Escola Canadense de Niteroi
100 ## - ENTRADA PRINCIPAL--NOME PESSOAL
Nome pessoal Tronolone, Valquiria Baddini
245 10 - TÍTULO
Título + Ação na escola e na comunidade: ciências da natureza e suas tecnologias
250 ## - EDIÇÃO
Edição 1. ed.
260 ## - PUBLICAÇÃO, DISTRIBUIÇÃO, ETC.
Local de publicação, distribuição, etc. São Paulo
300 ## - DESCRIÇÃO FÍSICA
Extensão 302 p.
Outros detalhes físicos il.
362 0# - DATAS DE PUBLICAÇÃO E/OU DESIGNAÇÃO SEQUENCIAL
Datas de publicação e/ou designação sequencial 2020
490 0# - TÍTULO DA SÉRIE
Título da série + Ação na escola e na comunidade
650 #4 - ASSUNTO--TERMO TÓPICO
Cabeçalho tópico ou nome geográfico Ciências Naturais
942 ## - ELEMENTOS DE ENTRADA ADICIONADOS (KOHA)
Tipo de material Koha Livros
Holdings
Situação do descarte Situação das perdas Situação física Não pode ser emprestado Biblioteca de origem Biblioteca atual Data de aquisição Total de empréstimos Código de barras Devolução em Data de último acesso Data do último empréstimo Data do preço efetivo Tipo de material Koha
        Canadian School of Niterói - Itacoatiara Canadian School of Niterói - Itacoatiara 09/02/2024 1 A23946 06/12/2024 21/02/2024 21/02/2024 09/02/2024 Livros